Lagu seorang budak yang dungu

Bibliographic Details
Main Author: Mohd Rosli Saludin
Format: Book
Published: Penang : Goal Intelligent Publishing , 2008
Series:Koleksi cerita moral
Subjects:

MARC

LEADER 00000cam a2200000 7i4500
001 0000031433
005 20151222.0
008 120224
020 |a 9833730558 
090 0 0 |a MOR   |b MAL 
100 1 |a Mohd Rosli Saludin 
245 1 0 |a Lagu seorang budak yang dungu   |c Mohd Rosli Saludin 
260 |a Penang :   |b Goal Intelligent Publishing ,   |c 2008 
440 |a Koleksi cerita moral 
500 |a Children ages 10-12 years old (pink) 
650 0 |a Short stories, Malay 
999 |a 0001141437   |b Book   |c Children Collection   |e Cawangan Bandar Penawar 
999 |a 0001180859   |b Book   |c Children Collection   |e Cawangan Tangkak 
999 |a 0001180860   |b Book   |c Children Collection   |e Cawangan Bukit Gambir 
999 |a 0001180861   |b Book   |c Children Collection   |e Cawangan Bandar Penawar 
999 |a 0001180863   |b Book   |c Children Collection   |e Cawangan Tmn. Ungku Tun Aminah 
999 |a 0001180865   |b Book   |c Children Collection   |e Cawangan Pontian 
999 |a 0001180868   |b Book   |c Children Collection   |e Cawangan Segamat 
999 |a 0001180869   |b Book   |c Children Collection   |e Cawangan Muar 
999 |a 0001180870   |b Book   |c Children Collection   |e Cawangan Mersing 
999 |a 0001180872   |b Book   |c Children Collection   |e Cawangan Taman Universiti 
999 |a 0001219810   |b Book   |c Children Collection   |e Perbadanan Perpustakaan Awam Johor 
999 |a 0001228430   |b Book   |c Children Collection   |e Cawangan Tmn. Ungku Tun Aminah